Acción de protección
Gardado en:
| Autor Principal: | |
|---|---|
| Formato: | Libro |
| Idioma: | Lingua castelá |
| Publicado: |
Santiago
DER Ediciones Limitada
2018
|
| Edición: | 1a. ed |
| Series: | Cuadernos Jurídicos de la Academia Judicial
|
| Subjects: | |
| Tags: |
Engadir etiqueta
Sen Etiquetas, Sexa o primeiro en etiquetar este rexistro!
|
MARC
| LEADER | 00000cam a2200000 a 4500 | ||
|---|---|---|---|
| 001 | UCC6272 | ||
| 003 | CL-VaPUC | ||
| 008 | 181130e20180000cl |||||||||||||||||spa|d | ||
| 020 | |a 9789569959288 | ||
| 082 | 0 | 4 | |a 342.83 |b HEN |2 21 |
| 100 | |a Henríquez Viñas, Miriam Lorena |9 737728 | ||
| 245 | 1 | 0 | |a Acción de protección |
| 250 | |a 1a. ed | ||
| 300 | |a 73 p | ||
| 942 | |c BK | ||
| 945 | |d 20181130 13:53:00 |a dcastane | ||
| 260 | |a Santiago |b DER Ediciones Limitada |c 2018 | ||
| 650 | 0 | |a Derecho constitucional chileno |9 478271 | |
| 650 | 0 | |a Derechos fundamentales |9 254841 | |
| 650 | 0 | |a Derechos humanos |9 223025 | |
| 583 | |a last modification |c 20181130 13:53:00 |k Rodrigo Vera | ||
| 490 | 0 | |a Cuadernos Jurídicos de la Academia Judicial | |
| 999 | |c 373256 |d 373254 | ||
| 952 | |0 0 |1 0 |3 erb |4 0 |6 342_830000000000000_HEN_2018 |7 0 |8 A |9 491322 |a BIBDER |b BIBDER |i 5519276 |l 4 |o 342.83 HEN 2018 |p 5519276 |r 2024-01-16 |s 2024-01-16 |w 2019-11-24 |y BK |z Catalogado en:20181130 |k DER | ||